logo

Bir Sreshtho Munshi Abdur Rouf Library
Jhenaidah Cadet College

ইসলামী রাষ্ট্রনীতি / (Record no. 9549)

MARC details
000 -LEADER
fixed length control field 00716nam a22002177a 4500
001 - CONTROL NUMBER
JCCL Control Number 9549
003 - CONTROL NUMBER IDENTIFIER
JCCL marc code OSt
005 - DATE AND TIME OF LATEST TRANSACTION
control field 20180319123747.0
008 - FIXED-LENGTH DATA ELEMENTS--GENERAL INFORMATION
fixed length control field 180319b1967 bg ||||| |||| 00| 0 ben d
035 ## - SYSTEM CONTROL NUMBER
system control number (BD-JhCC)9549
040 ## - CATALOGING SOURCE
Original cataloging agency BD-JhCC
Modifying agency BD-JhCC
041 ## - LANGUAGE CODE
Language code of Book ben
082 ## - DEWEY DECIMAL CLASSIFICATION NUMBER
Classification number 340.97
Author mark and Year KAS 1967
100 ## - MAIN ENTRY--PERSONAL NAME
Personal name কাসেম, প্রিন্সিপাল আবুল
245 ## - TITLE STATEMENT
Title ইসলামী রাষ্ট্রনীতি /
Statement of responsibility, etc প্রিন্সিপাল আবুল কাসেম
260 ## - PUBLICATION, DISTRIBUTION, ETC. (IMPRINT)
Place of publication, distribution, etc ঢাকা :
Name of publisher, distributor, etc পাকিস্তান তমদ্‌দুন মজলিস
Date of publication, distribution, etc 1967.
300 ## - PHYSICAL DESCRIPTION
Pagination 123 p. :
Dimensions 21 cm.
650 ## - SUBJECT ADDED ENTRY--TOPICAL TERM
Topical term or geographic name as entry element Islamic Law
942 ## - ADDED ENTRY ELEMENTS (KOHA)
Source of classification or shelving scheme Dewey Decimal Classification
Koha item type Books
Holdings
Source of classification or shelving scheme Damaged status Not for loan Home library Current library Shelving location Date of accession Cost, normal purchase price Total Checkouts Full call number Barcode Date last seen Copy number Koha item type
Dewey Decimal Classification     JCC Rouf Library JCC Rouf Library General Stacks 03/19/2018 2.00   340.97 KAS 1967 12488 03/19/2018 C-1 Books

JCC Library | Contacts | JCC Home

Last Update on 23 September 2017
Copyright @ 2017-2020 JCC Rouf Library
Rouf Library, Jhenidah Cadet College (JCC), Bangladesh